000 00222nam a22000857a 4500
008 170125b xxu||||| |||| 00| 0 eng d
100 _92571
_aGupta.S.K.etal.
245 _aGeneral Knowledge-4
260 _aNew delhi
_bS. Chand
_c2010
999 _c5696
_d5696